000 00471nam a2200181 a 4500
001 13291
003 CO-ViMGA
008 141112s2004 ck r 000 u spa d
020 _a8477022291
040 _aCO-ViMGA
_bspa
_cCO-ViMGA
082 0 4 _a823.4 H634c
100 1 _aHodgson, William H.
_919479
245 1 0 _aLacasa en el confin de la tierra
260 _aMadrid :
_bEdiciones Valdemar,
_c1998
300 _a242
650 1 4 _aNOVELA IRLANDESA
_92617
942 _2ddc
_cBK
999 _c24039
_d24039